000 00900nam a22002297a 4500
005 20120830153235.0
008 120830t xxu||||| |||| 00| 0 eng d
010 _aENG-105724
020 _a9789380388632
_c1095.00
035 _aEN-89257
037 _bDBAD/PUB
040 _aDPL
_bEng
082 _a070.4
245 _aRise and growth of journalism /
_cedited by S.R. Sharma
260 _aNew Delhi
_bD.P.S. Publishing House
_c2012
270 _a4598/12-B, First Floor, Gola Cottage, Ansari Road
_bNew Delhi
_e110002
_mdpspublishinghouse@gmail.com
300 _aviii,264p.
_c23cm(Hb)
500 _aIncludes bibliographical references and index
700 _aSharma, S.R.
_951815
942 _2ddc
_cEN
_mRIS
_h070.4
999 _c69564
_d69564